guess the HXH character - Statistics

General Stats
  • This quiz has been taken 305 times
  • The average score is 19 of 46
Answer Stats
Picture Answer % Correct
Kurapika
97%
Gon
95%
Killua
93%
Hisoka
83%
Mereum
82%
Illumi
80%
Ging
78%
Feitan
77%
Chrollo
71%
leorio
71%
Alluka
60%
Biscuit
58%
Silva
55%
Pakunoda
52%
Uvogin
50%
Shizuku
49%
Zeno
49%
Mito
46%
Neferpitou
45%
Shalnark
45%
Isaac
44%
Nobunaga
44%
Phinks
43%
Kalluto
42%
Hanzo
41%
Tonpa
40%
franklin
39%
Milluki
36%
leol
32%
Genthru
29%
kortopi
27%
ponzu
27%
pokkle
25%
Satotz
22%
Menchi
19%
welfin
17%
Amori
11%
Buhara
11%
Imori
11%
Umori
11%
Bodoro
10%
Lippo
8%
Nicholas
8%
Geretta
7%
Goz
5%
seaquant
5%
No matching quizzes found
Score Distribution
Percent of People with Each Score
Percentile by Number Answered
Your Score History
You have not taken this quiz